| 000 | 00551nam a22001577a 4500 | ||
|---|---|---|---|
| 005 | 20120213132826.0 | ||
| 020 |
_a8131300641 _c695.00 |
||
| 035 | _aB-216542 | ||
| 037 |
_aDPL _bENG |
||
| 100 |
_aSingh, J. K. _941758 |
||
| 245 |
_aMedia and public relations / _cby J. K. Singh |
||
| 260 |
_aNew Delhi _bA. P. H. Publishing Corporation _c2007 |
||
| 300 |
_ax, 261p. _c18 cms. |
||
| 942 |
_2ddc _cEN _h070.1 _mJIT |
||
| 999 |
_c62635 _d62635 |
||